00626nam a22001937a 450000500170000001000290001702000260004602000230007203500270009503700150012203700190013708200130015624500640016926000460023327000640027930000310034350000400037470000180041420110711120455.0 aENG-102966 B-461935-944 a9780198075066c425.00 a0198075065c425.00 aEN-86499 B-461935-944 bDBAD / PUB bAllied Pub/Ven a792.0954 aModern Indian theatre :ba reader /cedited by Nandi Bhatia aNew Delhi bOxford University Pressc2011 aYMCA Library Building, Jai Singh Road, bNew Delhi e110001 axxxix, 487p. c23cm (pbk)  aIncludes bibliographical references aBhatia, Nandi